000 00559nam a2200181Ia 4500
008 151202s9999||||xx |||||||||||||| ||und||
082 _bPNVM-62643
100 _aकाळे व.पु.
245 _aवन फॉर द रोड.
260 _b"मेहता पब्लिशींग हाऊस, पुणे."
260 _c62643
300 _a140
600 _aकाळे व.पु.
630 _aवन फॉर द रोड.
700 _aकाळे व.पु.
730 _aवन फॉर द रोड.
942 _cBOOK
999 _c1329177
_d1329174